El matemático impaciente: La Condamine, las pirámides de Quito y la ciencia ilustrada, 1740-1751
Saved in:
| Main Author: | |
|---|---|
| Format: | Book |
| Language: | Spanish |
| Published: |
Lima
Instituto Francés de Estudios Andinos
2008
Quito Universidad Andina Simón Bolivar 2008 |
| Edition: | 1a. ed |
| Series: | Estudios Históricos, 50
|
| Subjects: | |
| Tags: |
Add Tag
No Tags, Be the first to tag this record!
|
MARC
| LEADER | 00000cam a2200000 a 4500 | ||
|---|---|---|---|
| 001 | UCF4383 | ||
| 003 | CL-VaPUC | ||
| 008 | 121206e20080900PE |||||||||||||||||spa|d | ||
| 020 | |a 9972512209 | ||
| 082 | 0 | 4 | |a 910.4 |b HER |2 21 |
| 100 | |a Hernández Asensio, Raúl |e author |9 565943 | ||
| 245 | 1 | 3 | |a El matemático impaciente: La Condamine, las pirámides de Quito y la ciencia ilustrada, 1740-1751 |
| 250 | |a 1a. ed | ||
| 300 | |a 316 p | ||
| 942 | |c BK | ||
| 945 | |d 20121206 00:00:00 |a dcastane | ||
| 260 | |a Lima |b Instituto Francés de Estudios Andinos |c 2008 | ||
| 260 | |a Quito |b Universidad Andina Simón Bolivar |c 2008 | ||
| 650 | 0 | |a Expediciones científicas |9 265222 | |
| 650 | 0 | |a Viajes |9 257115 | |
| 650 | 0 | |a Viajes y exploraciones |9 480879 | |
| 651 | 0 | |a América Latina |9 255027 | |
| 583 | |a last modification |c 20121206 10:49:00 |k Rodrigo Vera | ||
| 490 | 0 | |a Estudios Históricos, 50 | |
| 999 | |c 350190 |d 350188 | ||
| 952 | |0 0 |1 0 |4 0 |6 910_400000000000000_HER_2008_2008 |7 0 |8 X |9 453409 |a FDOBUD |b FDOBUD |d 2019-11-22 |i 4930126 |o 910.4 HER 2008 2008 |p 4930126 |r 2019-11-22 |w 2019-11-22 |y BK_X |k BUD | ||